Pilote Formule 2021 - Statistiques

Statistiques générales
  • Ce quiz a été pris 90 fois
  • Le résultat moyen est 18 sur 20
Statistiques - réponses
Questions Reponses % Correct
Mercedes Hamilton
100%
Alpine Alonso
99%
Red Bull Verstappen
99%
Alpha Tauri Gasly
96%
Ferrari Leclerc
96%
Alpine Ocon
95%
Ferrari Sainz
95%
Aston Martin Vettel
95%
Haas Schumacher
95%
Mercedes Bottas
94%
Red Bull Perez
94%
Alpha Tauri Tsunoda
92%
McLaren Ricciardo
90%
McLaren Norris
89%
Williams Latifi
86%
Haas Mazepin
84%
Alfa Romeo Raikkonen
84%
Aston Martin Stroll
83%
Williams Russell
82%
Alfa Romeo Giovinazzi
76%
Aucun quiz correspondant
Distribution des résultats
% des personnes avec chaque résultat
Percentile par nombre de réponses
Votre historique - résultats
Vous n’avez pas pris ce quiz